Paris Saint-Germain Players Since 2014 - Statistics

General Stats
  • This quiz has been taken 68 times
  • The average score is 194 of 302
Answer Stats
% Correct
2023/24 (Ligue 1 - 1st) Morocco RB 24 Achraf Hakimi 40 5
100%
2022/23 (Ligue 1 - 1st) Morocco RB 23 Achraf Hakimi 39 5
100%
2021/22 (Ligue 1 - 1st) Morocco RB 22 Achraf Hakimi 41 4
100%
2023/24 (Ligue 1 - 1st) Italy GK 24 Gianluigi Donnarumma 42
100%
2022/23 (Ligue 1 - 1st) Italy GK 23 Gianluigi Donnarumma 48
100%
2021/22 (Ligue 1 - 1st) Italy GK 22 Gianluigi Donnarumma 24
100%
2023/24 (Ligue 1 - 1st) France CM 16 Ethan Mbappé 5
98%
2023/24 (Ligue 1 - 1st) Costa Rica GK 36 Keylor Navas 6
98%
2022/23 (Ligue 1 - 1st) Costa Rica GK 35 Keylor Navas 2
98%
2021/22 (Ligue 1 - 1st) Costa Rica GK 34 Keylor Navas 26
98%
2020/21 (Ligue 1 - 2nd) Costa Rica GK 33 Keylor Navas 45
98%
2019/20 (Ligue 1 - 1st) Costa Rica GK 32 Keylor Navas 35
98%
2023/24 (Ligue 1 - 1st) France ST 24 Kylian Mbappé 48 44
98%
2022/23 (Ligue 1 - 1st) France ST 23 Kylian Mbappé 43 41
98%
2021/22 (Ligue 1 - 1st) France ST 22 Kylian Mbappé 46 39
98%
2020/21 (Ligue 1 - 2nd) France ST 21 Kylian Mbappé 47 42
98%
2019/20 (Ligue 1 - 1st) France ST 20 Kylian Mbappé 37 30
98%
2018/19 (Ligue 1 - 1st) France ST 19 Kylian Mbappé 43 39
98%
2017/18 (Ligue 1 - 1st) France ST 18 Kylian Mbappé 44 21
98%
2022/23 (Ligue 1 - 1st) Argentina RW 35 Lionel Messi 41 21
98%
2021/22 (Ligue 1 - 1st) Argentina RW 34 Lionel Messi 34 11
98%
2019/20 (Ligue 1 - 1st) Uruguay ST 32 Edinson Cavani 22 7
96%
2018/19 (Ligue 1 - 1st) Uruguay ST 31 Edinson Cavani 33 23
96%
2017/18 (Ligue 1 - 1st) Uruguay ST 30 Edinson Cavani 48 40
96%
2016/17 (Ligue 1 - 2nd) Uruguay ST 29 Edinson Cavani 50 49
96%
2015/16 (Ligue 1 - 1st) Uruguay ST 28 Edinson Cavani 52 25
96%
2014/15 (Ligue 1 - 1st) Uruguay ST 27 Edinson Cavani 53 31
96%
2023/24 (Ligue 1 - 1st) Brazil CB 29 Marquinhos 36
96%
2022/23 (Ligue 1 - 1st) Brazil CB 28 Marquinhos 44 2
96%
2021/22 (Ligue 1 - 1st) Brazil CB 27 Marquinhos 40 5
96%
2020/21 (Ligue 1 - 2nd) Brazil CB 26 Marquinhos 40 6
96%
2019/20 (Ligue 1 - 1st) Brazil CB 25 Marquinhos 37 6
96%
2018/19 (Ligue 1 - 1st) Brazil CB 24 Marquinhos 44 4
96%
2017/18 (Ligue 1 - 1st) Brazil CB 23 Marquinhos 41 2
96%
2016/17 (Ligue 1 - 2nd) Brazil CB 22 Marquinhos 44 4
96%
2015/16 (Ligue 1 - 1st) Brazil CB 21 Marquinhos 43 2
96%
2014/15 (Ligue 1 - 1st) Brazil CB 20 Marquinhos 42 2
96%
2022/23 (Ligue 1 - 1st) Brazil LW 30 Neymar 29 18
96%
2021/22 (Ligue 1 - 1st) Brazil LW 29 Neymar 28 13
96%
2020/21 (Ligue 1 - 2nd) Brazil LW 28 Neymar 31 17
96%
2019/20 (Ligue 1 - 1st) Brazil LW 27 Neymar 27 19
96%
2018/19 (Ligue 1 - 1st) Brazil LW 26 Neymar 28 23
96%
2017/18 (Ligue 1 - 1st) Brazil LW 25 Neymar 30 28
96%
2023/24 (Ligue 1 - 1st) France RW 26 Ousmane Dembélé 42 6
96%
2019/20 (Ligue 1 - 1st) Brazil CB 34 Thiago Silva 35 1
96%
2018/19 (Ligue 1 - 1st) Brazil CB 33 Thiago Silva 39
96%
2017/18 (Ligue 1 - 1st) Brazil CB 32 Thiago Silva 39 1
96%
2016/17 (Ligue 1 - 2nd) Brazil CB 31 Thiago Silva 40 6
96%
2015/16 (Ligue 1 - 1st) Brazil CB 30 Thiago Silva 46 1
96%
2014/15 (Ligue 1 - 1st) Brazil CB 29 Thiago Silva 40 2
96%
2022/23 (Ligue 1 - 1st) Spain CB 36 Sergio Ramos 45 4
94%
2021/22 (Ligue 1 - 1st) Spain CB 35 Sergio Ramos 13 2
94%
2015/16 (Ligue 1 - 1st) Sweden ST 33 Zlatan Ibrahimović 51 20
94%
2014/15 (Ligue 1 - 1st) Sweden ST 32 Zlatan Ibrahimović 37 30
94%
2023/24 (Ligue 1 - 1st) Portugal ST 22 Gonçalo Ramos 40 14
93%
2022/23 (Ligue 1 - 1st) Italy CM 29 Marco Verratti 38
93%
2021/22 (Ligue 1 - 1st) Italy CM 28 Marco Verratti 32 2
93%
2020/21 (Ligue 1 - 2nd) Italy CM 27 Marco Verratti 31
93%
2019/20 (Ligue 1 - 1st) Italy CM 26 Marco Verratti 37
93%
2018/19 (Ligue 1 - 1st) Italy CM 25 Marco Verratti 38 1
93%
2017/18 (Ligue 1 - 1st) Italy CM 24 Marco Verratti 38 2
93%
2016/17 (Ligue 1 - 2nd) Italy CM 23 Marco Verratti 43 3
93%
2015/16 (Ligue 1 - 1st) Italy CM 22 Marco Verratti 28
93%
2014/15 (Ligue 1 - 1st) Italy CM 21 Marco Verratti 49 3
93%
2023/24 (Ligue 1 - 1st) Portugal CM 23 Vitinha 46 9
93%
2022/23 (Ligue 1 - 1st) Portugal CM 22 Vitinha 48 2
93%
2021/22 (Ligue 1 - 1st) Germany LW 27 Julian Draxler 24 2
91%
2020/21 (Ligue 1 - 2nd) Germany LW 26 Julian Draxler 34 4
91%
2019/20 (Ligue 1 - 1st) Germany LW 25 Julian Draxler 22
91%
2018/19 (Ligue 1 - 1st) Germany LW 24 Julian Draxler 46 5
91%
2017/18 (Ligue 1 - 1st) Germany LW 23 Julian Draxler 47 5
91%
2016/17 (Ligue 1 - 2nd) Germany LW 22 Julian Draxler 25 10
91%
2021/22 (Ligue 1 - 1st) Argentina RW 33 Ángel Di María 31 5
89%
2020/21 (Ligue 1 - 2nd) Argentina RW 32 Ángel Di María 43 6
89%
2019/20 (Ligue 1 - 1st) Argentina RW 31 Ángel Di María 41 13
89%
2018/19 (Ligue 1 - 1st) Argentina RW 30 Ángel Di María 45 19
89%
2017/18 (Ligue 1 - 1st) Argentina RW 29 Ángel Di María 45 21
89%
2016/17 (Ligue 1 - 2nd) Argentina RW 28 Ángel Di María 43 14
89%
2015/16 (Ligue 1 - 1st) Argentina RW 27 Ángel Di María 47 15
89%
2023/24 (Ligue 1 - 1st) Portugal LB 21 Nuno Mendes 14 1
87%
2022/23 (Ligue 1 - 1st) Portugal LB 20 Nuno Mendes 32 2
87%
2021/22 (Ligue 1 - 1st) Portugal LB 19 Nuno Mendes 37
87%
2023/24 (Ligue 1 - 1st) South Korea RW 22 Lee Kang-in 36 5
85%
2022/23 (Ligue 1 - 1st) Spain LB 29 Juan Bernat 36 2
83%
2021/22 (Ligue 1 - 1st) Spain LB 28 Juan Bernat 16
83%
2020/21 (Ligue 1 - 2nd) Spain LB 27 Juan Bernat 3
83%
2019/20 (Ligue 1 - 1st) Spain LB 26 Juan Bernat 32 2
83%
2018/19 (Ligue 1 - 1st) Spain LB 25 Juan Bernat 41 4
83%
2023/24 (Ligue 1 - 1st) Slovakia CB 28 Milan Škriniar 32 1
83%
2023/24 (Ligue 1 - 1st) France LB 27 Lucas Hernandez 41 2
81%
2019/20 (Ligue 1 - 1st) France GK 26 Alphonse Areola 4
80%
2018/19 (Ligue 1 - 1st) France GK 25 Alphonse Areola 31
80%
2017/18 (Ligue 1 - 1st) France GK 24 Alphonse Areola 43
80%
2016/17 (Ligue 1 - 2nd) France GK 23 Alphonse Areola 27
80%
2023/24 (Ligue 1 - 1st) France LW 20 Bradley Barcola 39 5
80%
2016/17 (Ligue 1 - 2nd) Brazil CB 29 David Luiz 4
80%
2015/16 (Ligue 1 - 1st) Brazil CB 28 David Luiz 40 3
80%
2014/15 (Ligue 1 - 1st) Brazil CB 27 David Luiz 45 5
80%
2017/18 (Ligue 1 - 1st) Germany GK 26 Kevin Trapp 14
80%
2016/17 (Ligue 1 - 2nd) Germany GK 25 Kevin Trapp 31
80%
2015/16 (Ligue 1 - 1st) Germany GK 24 Kevin Trapp 46
80%
2022/23 (Ligue 1 - 1st) France CB 26 Presnel Kimpembe 15
80%
2021/22 (Ligue 1 - 1st) France CB 25 Presnel Kimpembe 41 2
80%
2020/21 (Ligue 1 - 2nd) France CB 24 Presnel Kimpembe 40
80%
2019/20 (Ligue 1 - 1st) France CB 23 Presnel Kimpembe 28
80%
2018/19 (Ligue 1 - 1st) France CB 22 Presnel Kimpembe 36 1
80%
2017/18 (Ligue 1 - 1st) France CB 21 Presnel Kimpembe 38
80%
2016/17 (Ligue 1 - 2nd) France CB 20 Presnel Kimpembe 28
80%
2015/16 (Ligue 1 - 1st) France CB 19 Presnel Kimpembe 9
80%
2014/15 (Ligue 1 - 1st) France CB 18 Presnel Kimpembe 1
80%
2023/24 (Ligue 1 - 1st) France CM 17 Warren Zaïre-Emery 43 3
80%
2022/23 (Ligue 1 - 1st) France CM 16 Warren Zaïre-Emery 31 2
80%
2018/19 (Ligue 1 - 1st) France CM 23 Adrien Rabiot 20 2
78%
2017/18 (Ligue 1 - 1st) France CM 22 Adrien Rabiot 50 5
78%
2016/17 (Ligue 1 - 2nd) France CM 21 Adrien Rabiot 39 4
78%
2015/16 (Ligue 1 - 1st) France CM 20 Adrien Rabiot 42 6
78%
2014/15 (Ligue 1 - 1st) France CM 19 Adrien Rabiot 33 4
78%
2017/18 (Ligue 1 - 1st) France CM 30 Blaise Matuidi 3
78%
2016/17 (Ligue 1 - 2nd) France CM 29 Blaise Matuidi 52 7
78%
2015/16 (Ligue 1 - 1st) France CM 28 Blaise Matuidi 48 5
78%
2014/15 (Ligue 1 - 1st) France CM 27 Blaise Matuidi 53 5
78%
2023/24 (Ligue 1 - 1st) Portugal DM 31 Danilo Pereira 34 1
78%
2022/23 (Ligue 1 - 1st) Portugal DM 30 Danilo Pereira 44 2
78%
2021/22 (Ligue 1 - 1st) Portugal DM 29 Danilo Pereira 37 5
78%
2020/21 (Ligue 1 - 2nd) Portugal DM 28 Danilo Pereira 42 2
78%
2023/24 (Ligue 1 - 1st) Spain CM 27 Fabián Ruiz 35 3
78%
2022/23 (Ligue 1 - 1st) Spain CM 26 Fabián Ruiz 37 3
78%
2023/24 (Ligue 1 - 1st) Uruguay DM 22 Manuel Ugarte 37
78%
2021/22 (Ligue 1 - 1st) Argentina ST 28 Mauro Icardi 30 5
78%
2020/21 (Ligue 1 - 2nd) Argentina ST 27 Mauro Icardi 28 13
78%
2019/20 (Ligue 1 - 1st) Argentina ST 26 Mauro Icardi 34 20
78%
2018/19 (Ligue 1 - 1st) Italy GK 40 Gianluigi Buffon 25
76%
2021/22 (Ligue 1 - 1st) Senegal DM 31 Idrissa Gueye 33 4
76%
2020/21 (Ligue 1 - 2nd) Senegal DM 30 Idrissa Gueye 44 2
76%
2019/20 (Ligue 1 - 1st) Senegal DM 29 Idrissa Gueye 34 1
76%
2022/23 (Ligue 1 - 1st) Argentina DM 28 Leandro Paredes 4
76%
2021/22 (Ligue 1 - 1st) Argentina DM 27 Leandro Paredes 22 1
76%
2020/21 (Ligue 1 - 2nd) Argentina DM 26 Leandro Paredes 36 1
76%
2019/20 (Ligue 1 - 1st) Argentina DM 25 Leandro Paredes 33 1
76%
2018/19 (Ligue 1 - 1st) Argentina DM 24 Leandro Paredes 22
76%
2023/24 (Ligue 1 - 1st) France ST 24 Randal Kolo Muani 40 9
76%
2017/18 (Ligue 1 - 1st) Italy DM 34 Thiago Motta 28 1
76%
2016/17 (Ligue 1 - 2nd) Italy DM 33 Thiago Motta 42 1
76%
2015/16 (Ligue 1 - 1st) Italy DM 32 Thiago Motta 45 1
76%
2014/15 (Ligue 1 - 1st) Italy DM 31 Thiago Motta 38
76%
2021/22 (Ligue 1 - 1st) Germany CB 24 Thilo Kehrer 34 2
76%
2020/21 (Ligue 1 - 2nd) Germany CB 23 Thilo Kehrer 33
76%
2019/20 (Ligue 1 - 1st) Germany CB 22 Thilo Kehrer 21 1
76%
2018/19 (Ligue 1 - 1st) Germany CB 21 Thilo Kehrer 40 1
76%
2019/20 (Ligue 1 - 1st) Cameroon ST 30 Eric Maxim Choupo-Moting 20 6
74%
2018/19 (Ligue 1 - 1st) Cameroon ST 29 Eric Maxim Choupo-Moting 31 3
74%
2017/18 (Ligue 1 - 1st) Brazil RW 24 Lucas Moura 6 1
74%
2016/17 (Ligue 1 - 2nd) Brazil RW 23 Lucas Moura 53 19
74%
2015/16 (Ligue 1 - 1st) Brazil RW 22 Lucas Moura 56 13
74%
2014/15 (Ligue 1 - 1st) Brazil RW 21 Lucas Moura 46 8
74%
2015/16 (Ligue 1 - 1st) Italy GK 28 Salvatore Sirigu 12
74%
2014/15 (Ligue 1 - 1st) Italy GK 27 Salvatore Sirigu 45
74%
2019/20 (Ligue 1 - 1st) Belgium RB 27 Thomas Meunier 27 1
74%
2018/19 (Ligue 1 - 1st) Belgium RB 26 Thomas Meunier 31 5
74%
2017/18 (Ligue 1 - 1st) Belgium RB 25 Thomas Meunier 34 5
74%
2016/17 (Ligue 1 - 2nd) Belgium RB 24 Thomas Meunier 36 2
74%
2017/18 (Ligue 1 - 1st) Argentina AM 28 Javier Pastore 37 5
72%
2016/17 (Ligue 1 - 2nd) Argentina AM 27 Javier Pastore 23 3
72%
2015/16 (Ligue 1 - 1st) Argentina AM 26 Javier Pastore 26 3
72%
2014/15 (Ligue 1 - 1st) Argentina AM 25 Javier Pastore 51 6
72%
2023/24 (Ligue 1 - 1st) France LB 30 Layvin Kurzawa 1
72%
2021/22 (Ligue 1 - 1st) France LB 28 Layvin Kurzawa 1
72%
2020/21 (Ligue 1 - 2nd) France LB 27 Layvin Kurzawa 27 1
72%
2019/20 (Ligue 1 - 1st) France LB 26 Layvin Kurzawa 25 1
72%
2018/19 (Ligue 1 - 1st) France LB 25 Layvin Kurzawa 21 1
72%
2017/18 (Ligue 1 - 1st) France LB 24 Layvin Kurzawa 28 5
72%
2016/17 (Ligue 1 - 2nd) France LB 23 Layvin Kurzawa 26 3
72%
2015/16 (Ligue 1 - 1st) France LB 22 Layvin Kurzawa 25 3
72%
2018/19 (Ligue 1 - 1st) Brazil RB 35 Dani Alves 32 3
70%
2017/18 (Ligue 1 - 1st) Brazil RB 34 Dani Alves 41 5
70%
2015/16 (Ligue 1 - 1st) Argentina SS 30 Ezequiel Lavezzi 24 3
70%
2014/15 (Ligue 1 - 1st) Argentina SS 29 Ezequiel Lavezzi 47 9
70%
2021/22 (Ligue 1 - 1st) Netherlands CM 30 Georginio Wijnaldum 38 3
70%
2016/17 (Ligue 1 - 2nd) Ivory Coast RB 23 Serge Aurier 32
70%
2015/16 (Ligue 1 - 1st) Ivory Coast RB 22 Serge Aurier 33 4
70%
2014/15 (Ligue 1 - 1st) Ivory Coast RB 21 Serge Aurier 16 1
70%
2023/24 (Ligue 1 - 1st) Spain RW 27 Marco Asensio 31 5
67%
2016/17 (Ligue 1 - 2nd) Brazil LB 34 Maxwell 33
65%
2015/16 (Ligue 1 - 1st) Brazil LB 33 Maxwell 42 3
65%
2014/15 (Ligue 1 - 1st) Brazil LB 32 Maxwell 40 4
65%
2020/21 (Ligue 1 - 2nd) Italy ST 20 Moise Kean 41 17
65%
2021/22 (Ligue 1 - 1st) Spain CM 31 Ander Herrera 28 4
63%
2020/21 (Ligue 1 - 2nd) Spain CM 30 Ander Herrera 45 1
63%
2019/20 (Ligue 1 - 1st) Spain CM 29 Ander Herrera 22 1
63%
2015/16 (Ligue 1 - 1st) Netherlands RB 27 Gregory van der Wiel 27 2
63%
2014/15 (Ligue 1 - 1st) Netherlands RB 26 Gregory van der Wiel 41 1
63%
2023/24 (Ligue 1 - 1st) Brazil CB 19 Lucas Beraldo 24 2
63%
2021/22 (Ligue 1 - 1st) Senegal CB 25 Abdou Diallo 16
61%
2020/21 (Ligue 1 - 2nd) Senegal CB 24 Abdou Diallo 36
61%
2019/20 (Ligue 1 - 1st) Senegal CB 23 Abdou Diallo 23
61%
2020/21 (Ligue 1 - 2nd) Italy RB 29 Alessandro Florenzi 36 2
59%
2023/24 (Ligue 1 - 1st) Spain CM 26 Carlos Soler 28 2
59%
2022/23 (Ligue 1 - 1st) Spain CM 25 Carlos Soler 35 6
59%
2022/23 (Ligue 1 - 1st) Spain RW 30 Pablo Sarabia 19
59%
2021/22 (Ligue 1 - 1st) Spain RW 29 Pablo Sarabia 2 1
59%
2020/21 (Ligue 1 - 2nd) Spain RW 28 Pablo Sarabia 37 7
59%
2019/20 (Ligue 1 - 1st) Spain RW 27 Pablo Sarabia 40 14
59%
2020/21 (Ligue 1 - 2nd) Netherlands LB 20 Mitchel Bakker 40
57%
2019/20 (Ligue 1 - 1st) Netherlands LB 19 Mitchel Bakker 5
57%
2021/22 (Ligue 1 - 1st) Netherlands AM 18 Xavi Simons 9
57%
2020/21 (Ligue 1 - 2nd) Netherlands AM 17 Xavi Simons 2
57%
2023/24 (Ligue 1 - 1st) France ST 21 Hugo Ekitike 1
54%
2022/23 (Ligue 1 - 1st) France ST 20 Hugo Ekitike 32 4
54%
2021/22 (Ligue 1 - 1st) Spain GK 27 Sergio Rico 1
52%
2020/21 (Ligue 1 - 2nd) Spain GK 26 Sergio Rico 13
52%
2019/20 (Ligue 1 - 1st) Spain GK 25 Sergio Rico 10
52%
2022/23 (Ligue 1 - 1st) Portugal CM 24 Renato Sanches 27 2
50%
2016/17 (Ligue 1 - 2nd) Poland DM 26 Grzegorz Krychowiak 19
48%
2018/19 (Ligue 1 - 1st) Argentina CM 22 Giovani Lo Celso 1
44%
2017/18 (Ligue 1 - 1st) Argentina CM 21 Giovani Lo Celso 48 6
44%
2016/17 (Ligue 1 - 2nd) Argentina CM 20 Giovani Lo Celso 5
44%
2017/18 (Ligue 1 - 1st) Spain LB 27 Yuri Berchiche 32 2
44%
2020/21 (Ligue 1 - 2nd) Spain LW 27 Jesé Rodríguez 2
43%
2019/20 (Ligue 1 - 1st) Spain LW 26 Jesé Rodríguez 1
43%
2018/19 (Ligue 1 - 1st) Spain LW 25 Jesé Rodríguez 1
43%
2016/17 (Ligue 1 - 2nd) Spain LW 23 Jesé Rodríguez 14 2
43%
2023/24 (Ligue 1 - 1st) France RB 25 Nordi Mukiele 20
43%
2022/23 (Ligue 1 - 1st) France RB 24 Nordi Mukiele 25
43%
2023/24 (Ligue 1 - 1st) Spain GK 22 Arnau Tenas 6
41%
2018/19 (Ligue 1 - 1st) France AM 20 Christopher Nkunku 29 4
41%
2017/18 (Ligue 1 - 1st) France AM 19 Christopher Nkunku 27 5
41%
2016/17 (Ligue 1 - 2nd) France AM 18 Christopher Nkunku 16 2
41%
2015/16 (Ligue 1 - 1st) France AM 17 Christopher Nkunku 6
41%
2018/19 (Ligue 1 - 1st) United States RW 18 Timothy Weah 3 2
41%
2017/18 (Ligue 1 - 1st) United States RW 17 Timothy Weah 3
41%
2020/21 (Ligue 1 - 2nd) Poland GK 20 Marcin Bułka 1
39%
2019/20 (Ligue 1 - 1st) Poland GK 19 Marcin Bułka 1
39%
2014/15 (Ligue 1 - 1st) France LB 20 Lucas Digne 24
37%
2018/19 (Ligue 1 - 1st) France RW 18 Moussa Diaby 34 4
37%
2014/15 (Ligue 1 - 1st) France CM 28 Yohan Cabaye 36 2
37%
2016/17 (Ligue 1 - 2nd) France AM 29 Hatem Ben Arfa 32 4
35%
2021/22 (Ligue 1 - 1st) France RB 22 Colin Dagba 6
33%
2020/21 (Ligue 1 - 2nd) France RB 21 Colin Dagba 33 1
33%
2019/20 (Ligue 1 - 1st) France RB 20 Colin Dagba 16
33%
2018/19 (Ligue 1 - 1st) France RB 19 Colin Dagba 22
33%
2015/16 (Ligue 1 - 1st) France GK 35 Nicolas Douchez 2
31%
2014/15 (Ligue 1 - 1st) France GK 34 Nicolas Douchez 15
31%
2021/22 (Ligue 1 - 1st) Brazil AM 28 Rafinha Alcântara 5
31%
2020/21 (Ligue 1 - 2nd) Brazil AM 27 Rafinha Alcântara 34
31%
2018/19 (Ligue 1 - 1st) France DM 33 Lassana Diarra 4
30%
2017/18 (Ligue 1 - 1st) France DM 32 Lassana Diarra 15
30%
2023/24 (Ligue 1 - 1st) France CM 17 Senny Mayulu 10 1
30%
2016/17 (Ligue 1 - 2nd) France DM 25 Benjamin Stambouli 1
28%
2015/16 (Ligue 1 - 1st) France DM 24 Benjamin Stambouli 39
28%
2017/18 (Ligue 1 - 1st) Portugal LW 20 Gonçalo Guedes 2
28%
2016/17 (Ligue 1 - 2nd) Portugal LW 19 Gonçalo Guedes 11
28%
2016/17 (Ligue 1 - 2nd) France ST 19 Jean-Kévin Augustin 13 1
28%
2015/16 (Ligue 1 - 1st) France ST 18 Jean-Kévin Augustin 17 1
28%
2014/15 (Ligue 1 - 1st) France ST 17 Jean-Kévin Augustin 1
28%
2022/23 (Ligue 1 - 1st) France GK 31 Alexandre Letellier 1
24%
2021/22 (Ligue 1 - 1st) France GK 30 Alexandre Letellier 1
24%
2022/23 (Ligue 1 - 1st) Spain LW 18 Ismaël Gharbi 8
24%
2021/22 (Ligue 1 - 1st) Spain LW 17 Ismaël Gharbi 4
24%
2019/20 (Ligue 1 - 1st) France CB 17 Tanguy Nianzou 13 3
24%
2023/24 (Ligue 1 - 1st) France RB 17 Yoram Zague 5 1
24%
2023/24 (Ligue 1 - 1st) Italy CM 18 Cher Ndour 4 1
22%
2022/23 (Ligue 1 - 1st) Morocco ST 17 Ilyes Housni 2
20%
2014/15 (Ligue 1 - 1st) France CB 35 Zoumana Camara 10 1
20%
2014/15 (Ligue 1 - 1st) France DM 26 Clément Chantôme 12 1
19%
2022/23 (Ligue 1 - 1st) France ST 20 Arnaud Kalimuendo 1
17%
2021/22 (Ligue 1 - 1st) France ST 19 Arnaud Kalimuendo 3
17%
2020/21 (Ligue 1 - 2nd) France ST 18 Arnaud Kalimuendo 1
17%
2022/23 (Ligue 1 - 1st) France CB 17 El Chadaille Bitshiabu 16
17%
2021/22 (Ligue 1 - 1st) France CB 16 El Chadaille Bitshiabu 3
17%
2015/16 (Ligue 1 - 1st) France ST 22 Jean-Christophe Bahebeck 1
17%
2014/15 (Ligue 1 - 1st) France ST 21 Jean-Christophe Bahebeck 24 3
17%
2016/17 (Ligue 1 - 2nd) France RW 18 Jonathan Ikoné 7
17%
2022/23 (Ligue 1 - 1st) France RB 19 Timothée Pembélé 6
17%
2020/21 (Ligue 1 - 2nd) France RB 17 Timothée Pembélé 9 1
17%
2021/22 (Ligue 1 - 1st) France CM 18 Édouard Michut 7
15%
2020/21 (Ligue 1 - 2nd) France CM 17 Édouard Michut 1
15%
2015/16 (Ligue 1 - 1st) France AM 20 Hervin Ongenda 6 1
13%
2014/15 (Ligue 1 - 1st) France AM 19 Hervin Ongenda 1
13%
2018/19 (Ligue 1 - 1st) France CB 19 Stanley Nsoki 15
13%
2017/18 (Ligue 1 - 1st) France CB 18 Stanley Nsoki 1
13%
2019/20 (Ligue 1 - 1st) France LB 17 Arthur Zagré 1
11%
2021/22 (Ligue 1 - 1st) France RM 20 Junior Dina Ebimbe 14
11%
2020/21 (Ligue 1 - 2nd) Morocco CM 17 Kays Ruiz-Atil 7
11%
2016/17 (Ligue 1 - 2nd) France DM 18 Lorenzo Callegari 1
11%
2018/19 (Ligue 1 - 1st) Turkey ST 19 Metehan Güçlü 1 1
11%
2019/20 (Ligue 1 - 1st) France AM 16 Adil Aouchiche 3 1
9%
2018/19 (Ligue 1 - 1st) France CB 17 Loïc Mbe Soh 2
9%
2021/22 (Ligue 1 - 1st) France LW 17 Djeidi Gassama 1
7%
2018/19 (Ligue 1 - 1st) French Guiana CB 27 Kévin Rimane 3
7%
2017/18 (Ligue 1 - 1st) French Guiana CB 26 Kévin Rimane 1
7%
2015/16 (Ligue 1 - 1st) French Guiana CB 24 Kévin Rimane 1
7%
2019/20 (Ligue 1 - 1st) France CB 18 Loïc Mbe Soh 1
7%
2017/18 (Ligue 1 - 1st) France DM 16 Yacine Adli 1
7%
2016/17 (Ligue 1 - 2nd) France RB 17 Alec Georgen 1
6%
2018/19 (Ligue 1 - 1st) France CM 19 Antoine Bernède 3
6%
2021/22 (Ligue 1 - 1st) Guinea ST 18 Sekou Yansané 1
4%
2015/16 (Ligue 1 - 1st) Ivory Coast LW 19 Yakou Méïté 1
4%
2020/21 (Ligue 1 - 2nd) France LW 18 Kenny Nagera 1
2%
2021/22 (Ligue 1 - 1st) France AM 18 Nathan Bitumazala 1
2%
2015/16 (Ligue 1 - 1st) France CM 22 Timothée Taufflieb 1
2%
2020/21 (Ligue 1 - 2nd) France AM 19 Bandiougou Fadiga 6
0%
2014/15 (Ligue 1 - 1st) Ivory Coast RW 20 Jérémi Kimmakon 1
0%
No matching quizzes found
Score Distribution
Percent of People with Each Score
Percentile by Number Answered
Your Score History
You have not taken this quiz